LEADER 01043nam a2200301 i 4500 001 991001096299707536 005 20020507183205.0 008 970213s1958 us ||| | eng 035 $ab10800360-39ule_inst 035 $aLE01306953$9ExL 040 $aDip.to Matematica$beng 082 0 $a001.64 084 $aAMS 94C10 084 $aAMS 94C30 100 1 $aPhister, Montgomery$058317 245 10$aLogical design of digital computers /$cMontgomery Phister 260 $aNew York :$c1958 300 $a408 p. :$bill. ;$c24 cm. 490 0 $aDigital design and applications 650 4$aDesign theory 650 4$aElectronic digital computers-design and construction 650 4$aSwitching theory 907 $a.b10800360$b23-02-17$c28-06-02 912 $a991001096299707536 945 $aLE013 94C PHI11 (1958)$g1$i2013000076515$lle013$o-$pE0.00$q-$rl$s- $t0$u0$v0$w0$x0$y.i10904207$z28-06-02 996 $aLogical design of digital computers$9334568 997 $aUNISALENTO 998 $ale013$b01-01-97$cm$da $e-$feng$gus $h0$i1 LEADER 02407nam 2200637 450 001 9910785211703321 005 20230801220957.0 010 $a1-282-87400-4 010 $a9786612874000 010 $a1-4411-3341-0 035 $a(CKB)2670000000055512 035 $a(EBL)601648 035 $a(OCoLC)676697035 035 $a(SSID)ssj0000410713 035 $a(PQKBManifestationID)12175001 035 $a(PQKBTitleCode)TC0000410713 035 $a(PQKBWorkID)10352662 035 $a(PQKB)10938802 035 $a(MiAaPQ)EBC601648 035 $a(MiAaPQ)EBC5309707 035 $a(Au-PeEL)EBL5309707 035 $a(CaPaEBR)ebr11518674 035 $a(OCoLC)1027201135 035 $a(MiAaPQ)EBC3003055 035 $a(Au-PeEL)EBL3003055 035 $a(OCoLC)928191726 035 $a(EXLCZ)992670000000055512 100 $a20180316h20122012 uy 0 101 0 $aeng 135 $aur|n|---||||| 181 $ctxt 182 $cc 183 $acr 200 10$a2014 $ehow to survive the next world crisis /$fNicholas Boyle 210 1$aLondon, England ;$aNew York, New York :$cContinuum,$d2012. 210 4$dİ2012 215 $a1 online resource (193 p.) 300 $aIncludes index. 311 $a1-4411-6936-9 311 $a1-4411-8509-7 320 $aIncludes bibliographical references and index. 327 $apt. 1. Towards the great event -- pt. 2. Finding the way. 330 $aA new world crisis is already looming. By 2014, our generation's legacy to the twenty-first century will be decided. Will it be a century of climatic disaster and war? The roots of the present crisis lie in an unbalanced globalization which has failed to match economic with political integration. False models of nationhood, markets, and empires have hindered the development of global governance. If human civilization is to survive the twenty-first century, current ideologies will have to give way to a more realistic acceptance of supranational authorities, and especially of an enhanced IMF and 606 $aFinancial crises 606 $aInternational cooperation 615 0$aFinancial crises. 615 0$aInternational cooperation. 676 $a338.542 700 $aBoyle$b Nicholas$0166836 801 0$bMiAaPQ 801 1$bMiAaPQ 801 2$bMiAaPQ 906 $aBOOK 912 $a9910785211703321 996 $a2014$93795415 997 $aUNINA